|
|
|
|
| LEADER |
00000naa2a2200000 4500 |
| 001 |
603937 |
| 005 |
20260205104504.0 |
| 035 |
|
|
|a (RuTPU)RU\TPU\conf\1157
|
| 035 |
|
|
|a RU\TPU\conf\1148
|
| 090 |
|
|
|a 603937
|
| 100 |
|
|
|a 20140211d2013 k y0rusy50 ca
|
| 101 |
0 |
|
|a rus
|
| 102 |
|
|
|a RU
|
| 135 |
|
|
|a drcn ---uucaa
|
| 181 |
|
0 |
|a i
|
| 182 |
|
0 |
|a b
|
| 200 |
1 |
|
|a Степень растворения нанопорошка никеля в водных суспензиях
|d The dissolution of nickel nanopowders in aqueous suspension
|f Д. Б. Абжанова, А. А. Гусев, М. А. Умрихина
|g науч. рук. А. Ю. Годымчук
|
| 203 |
|
|
|a Текст
|c электронный
|
| 215 |
|
|
|a 1 файл(574 Кб)
|
| 225 |
1 |
|
|a Наноматериалы и нанотехнологии
|
| 300 |
|
|
|a Заглавие с экрана
|
| 320 |
|
|
|a [Библиогр.: с. 866 (3 назв.)]
|
| 330 |
|
|
|a The accumulation of data about the solubility of metal nanoparticles in physiological fluids is of great importance, since the toxicity of metal-containing materials in living organisms strongly reliant on their physical and chemical properties. It has been demonstrated that electroexplosive nickel nanoparticles coated with oxide film by air passivation can oxidize in phosphate buffering saline, citric acid solution (the basic component of the alveolar fluid) and in distilled water. Dissolution rate of nanoparticles can reach high values (up to 100 %) during one-day-exposure. With the help of photocolorimetry it was revealed that in the solutions line "CitAc -PBS -DW" the nickel dissolution degree corresponded to "0,644-0,073-0,101", respectively.
|
| 337 |
|
|
|a Adobe Reader
|
| 463 |
|
1 |
|0 (RuTPU)RU\TPU\conf\715
|t Перспективы развития фундаментальных наук
|l Prospects of fundamental sciences development
|o сборник научных трудов X Международной конференция студентов и молодых ученых, г. Томск, 23-26 апреля 2013 г.
|f Национальный исследовательский Томский политехнический университет (ТПУ) ; ред. коллегия Е. А. Вайтулевич ; Г. А. Лямина ; Г. А. Воронова ; М. Е. Семенов ; А. В. Устинов ; Н. С. Пушилина
|v [С. 864-866]
|d 2013
|
| 510 |
1 |
|
|a The dissolution of nickel nanopowders in aqueous suspension
|z eng
|
| 610 |
1 |
|
|a электронный ресурс
|
| 610 |
1 |
|
|a труды учёных ТПУ
|
| 610 |
1 |
|
|a растворение вещества
|
| 610 |
1 |
|
|a растворимость
|
| 610 |
1 |
|
|a нанопорошки
|
| 610 |
1 |
|
|a никель
|
| 610 |
1 |
|
|a водные суспензии
|
| 700 |
|
1 |
|a Абжанова
|b Д. Б.
|
| 701 |
|
1 |
|a Гусев
|b А. А.
|
| 701 |
|
1 |
|a Умрихина
|b М. А.
|
| 702 |
|
1 |
|a Годымчук
|b А. Ю.
|c специалист в области нанотехнологий и наноматериалов
|c доцент Томского политехнического университета, кандидат технических наук
|f 1978-
|g Анна Юрьевна
|4 727
|
| 712 |
0 |
2 |
|a Национальный исследовательский Томский политехнический университет
|c (2009- )
|9 26305
|
| 801 |
|
1 |
|a RU
|b 63413507
|c 20101016
|
| 801 |
|
2 |
|a RU
|b 63413507
|c 20230324
|g RCR
|
| 856 |
4 |
|
|u http://www.lib.tpu.ru/fulltext/c/2013/C21/296.pdf
|
| 942 |
|
|
|c CF
|